01564nam a2200337 a 4500001001000000003000500010005001700015008004100032010001100073011001100084040000900095090001000104100003700114245019200151260004100343500006000384502010900444590004000553590004000593650004800633650004500681650006500726650004700791856007000838901000700908942001000915942000600925999001900931952013600950952014001086000111826CHAP20220329144231.0150921s2015 mx sm |||||||spa d a108287 a109259 cCHAP aTesis1 aGarcía López, Samuel912977510aHongos inferiores causantes de la pudrición de la raíz en el cultivo de brócoli (Brassica oleracea var. Italica), en el Bajío, Méxicoh[En línea]cpor Samuel García López. aChapingo, Méx. :bEl autor,c2015. aPara ver el contenido del material haga clic en la liga aTesis (Ing. Agr. Esp. en Parasitología Agrícola) -- UACH. Departamento de Parasitología Agrícola aE5765TAJb05c20150921lUCH01h1408 aE5765TAJb05c20150921lUCH01h140814aBrócolixEnfermedades por hongos.912977714aHongos fitopatógenosxControl.912945714aHongos fitopatógenosxFisiología y morfología.912660714aPudrición de la raizxBrócoli.9129776 aFinding aiduhttp://10.13.5.2/tesis/sist111826.pdfzTeclea aquí aBK cTESIS n0 c108287d108287 00104054718TESISaBCbBCd2015-09-21fTESISl0oTesisp33724002507082r2019-12-31 00:00:00w2019-12-31yTESISzRecien adquirido 00102local4053708TESISaBCbBCcPA_TESISd2015-09-21fTESISl0oTesisp33724002507124r2019-12-31 00:00:00tc.2w2019-12-31yTESIS